| 000 | 00534nam a22001697a 4500 | ||
|---|---|---|---|
| 003 | BD-DhUL | ||
| 005 | 20190717095500.0 | ||
| 008 | 190717s1945 ii ||||| |||| 00| 0 urd d | ||
| 040 |
_aBD-DhUL _cBD-DhUL |
||
| 082 |
_a891.431 _bMAS |
||
| 100 | 1 | _aمجاز، اسر ارالحق | |
| 245 | 1 | 0 |
_aشب تاب (غزل وقطعات وغیر)۔ / _cاسر ارالحق مجاز _b |
| 260 |
_aدلی : _bھندستانی پبلشرز، _c۔۱۹۴۵ |
||
| 300 |
_aص۔ ۲۰۶ ؛ _c۱۸ سم۔ |
||
| 650 | 4 | _aUrdu poetry | |
| 942 |
_2ddc _cBK |
||
| 999 |
_c248836 _d248836 |
||